| 000 | 00564nam a22001817a 4500 | ||
|---|---|---|---|
| 999 |
_c14938 _d14938 |
||
| 003 | OSt | ||
| 082 | _2631.3 ANI/DE | ||
| 088 | _aP 49 | ||
| 100 |
_aANIL V _aBINDHU J _aSURESH BABU M.S _93759 |
||
| 245 | _aDevelopment of an areca sprayer | ||
| 260 |
_aTavanur 1996 _bDepartment of Farm Power Machinery and Energy |
||
| 300 | _a50 | ||
| 500 | _aDevelopment of an areca sprayer | ||
| 520 | _aDevelopment of an areca sprayer | ||
| 700 |
_aMiss Sreekala G (Guide) _93758 |
||
| 856 | _uhttps://drive.google.com/open?id=1BQ81N5YT1SD-K6IGsMQI1l6LCggss8-q | ||
| 942 | _cPR | ||